000 00675nam a22001815i 4500
001 54367
003 ES-MaACL
005 20230906162937.0
007 t|
008 960718s1888 uy ||||1| spa d
040 _aCAM
_bspa
_cCAM
100 1 _aFontán e Illas, Constante G.
_951591
245 1 3 _aLa república del Uruguay y España
_b: estudio estadístico para la Exposición Internacional de Barcelona en 1888 /
_cpor Constante G. Fontan e Illas.
260 _aMontevideo :
_b[s.n.],
_c1888 (
_fEstablecimiento tipográfico de La Nación)
300 _a32 p. ;
_c26 cm.
611 2 _aExposición Universal.
_d1888.
_cBarcelona)
_9153421
852 _aES-MaACL
_jT-450-F-4
999 _c54367
_d54367